Interfacing techniques in digital design with emphasis on microprocessors (Record no. 77484)
[ view plain ]
| 000 -LEADER | |
|---|---|
| fixed length control field | 00845nam a2200193 a 4500 |
| 008 - FIXED-LENGTH DATA ELEMENTS--GENERAL INFORMATION | |
| fixed length control field | 060316s1988 ||||||||||||||||| || u |
| 020 ## - INTERNATIONAL STANDARD BOOK NUMBER | |
| International Standard Book Number | 0471082899 |
| 050 ## - LIBRARY OF CONGRESS CALL NUMBER | |
| Classification number | TK 7868.I58 Kru |
| 100 ## - MAIN ENTRY--PERSONAL NAME | |
| Personal name | Krutz, Ronald L, 1938- |
| 245 10 - TITLE STATEMENT | |
| Title | Interfacing techniques in digital design with emphasis on microprocessors |
| 260 ## - PUBLICATION, DISTRIBUTION, ETC. | |
| Place of publication, distribution, etc. | New York |
| Name of publisher, distributor, etc. | John Wiley and Sons |
| Date of publication, distribution, etc. | 1988 |
| 300 ## - PHYSICAL DESCRIPTION | |
| Extent | xvi, 382 pages : illustrations |
| 350 ## - | |
| -- | 0.00 |
| 650 ## - SUBJECT ADDED ENTRY--TOPICAL TERM | |
| Topical term or geographic name entry element | MICROPROCESSORS |
| 650 ## - SUBJECT ADDED ENTRY--TOPICAL TERM | |
| Topical term or geographic name entry element | IBERFACE CIRCUTS |
| 650 #0 - SUBJECT ADDED ENTRY--TOPICAL TERM | |
| Topical term or geographic name entry element | DIGITAL ELECTRONICS |
| 995 ## - | |
| -- | MAIN LIBRARY OPEN ACCESS |
| -- | 0.00 |
| -- | 721605 |
| -- | CBU-MAIN LIBRARY (Kitwe) |
| -- | 1 |
| -- | 28.50 |
| -- | TK 7868.I58 Kru |
| -- | AVAILABLE |
| -- | 016628 |
| -- | Main Library Open Access Collection |
| 995 ## - | |
| -- | MAIN LIBRARY OPEN ACCESS |
| -- | 0.00 |
| -- | 016627 |
| -- | CBU-MAIN LIBRARY (Kitwe) |
| -- | 2 |
| -- | 28.50 |
| -- | TK 7868.I58 Kru |
| -- | AVAILABLE |
| -- | 016627 |
| -- | Main Library Open Access Collection |
| 999 ## - | |
| -- | 77484 |
| -- | 77484 |
| Withdrawn status | Lost status | Source of classification or shelving scheme | Damaged status | Not for loan | Permanent Location | Current Location | Shelving location | Date acquired | Total Checkouts | Full call number | Barcode | Date last seen | Copy number | Price effective from | Koha item type |
|---|---|---|---|---|---|---|---|---|---|---|---|---|---|---|---|
| CBU-MAIN LIBRARY, KITWE. | CBU-MAIN LIBRARY, KITWE. | 04/27/2023 | TK 7868.I58 Kru | 016628 | 04/27/2023 | 1 | 04/27/2023 | MONOGRAPH | |||||||
| CBU-MAIN LIBRARY, KITWE. | CBU-MAIN LIBRARY, KITWE. | 04/27/2023 | TK 7868.I58 Kru | 016627 | 04/27/2023 | 2 | 04/27/2023 | MONOGRAPH |